Z výstavy umelcov Jordána a Rákošiho

Fotografický záber z výstavnej siene v Prešove, kde vystavujú východoslovenskí maliari Mikuláš Jordán a Ernest Rákoši

Bibliographic Details
Format: Article
Language:Slovak
Subjects:

MARC

LEADER 00000nab a22000001a 4500
001 vtls009003786
003 SK-MaSNL
005 20260303065608.0
008 070628d1922 xo |r|p|||| |000 b|slo
015 |a SNBRRBVU1918-1938 
038 |a SNKBUCL 
038 |a SNKBUVU 
040 |a SNKBUVU  |b slo  |c SNKBUCL  |e AACR2 
041 0 |a slo 
044 |a xo  |c SK 
080 |a 75.071.1:061.4  |2 1997 
245 0 0 |a Z výstavy umelcov Jordána a Rákošiho 
500 |a Pod spoločným názvom Z umeleckého života Východného Slovenska a Podkarpatskej Rusi 
520 |a Fotografický záber z výstavnej siene v Prešove, kde vystavujú východoslovenskí maliari Mikuláš Jordán a Ernest Rákoši 
600 1 7 |a Jordán, Mikuláš,  |d 1892-1977  |2 MM  |9 194531 
600 1 7 |a Rákoši, Ernest,  |d 1881-1973  |2 MM  |9 87363 
648 7 |a 1922  |2 MM  |9 308944 
650 0 7 |a slovenské maliarstvo  |2 MM  |9 3124 
650 0 7 |a výstavy  |2 snkbucl  |9 2780 
651 7 |a Prešov (Slovensko)  |2 snkbucl  |9 17347 
655 7 |a fotografie  |2 MM  |9 70713 
773 0 |t Slovenský svet  |g Roč. 2, č. 17 (1922), s. 17 
852 |a SNK  |b KIS3GCP 
910 |a snkrbvumm 
958 |a VY 
999 |c 1751857  |d 1753787